The annotated ANSI C standard : American National Standard for programming language-C
| Main Author: | |
|---|---|
| Format: | Book |
| Published: |
California :
Osborne McGraw-Hill ,
1990
|
| Subjects: |
MARC
| LEADER | 00000cam a2200000 7i4500 | ||
|---|---|---|---|
| 001 | 0000009947 | ||
| 002 | 000010835 | ||
| 005 | .0 | ||
| 020 | |a 0078819520 | ||
| 090 | 0 | 0 | |a 005.45 |b SCH |
| 100 | 1 | |a Schildt, Herbert | |
| 245 | 1 | 4 | |a The annotated ANSI C standard : |b American National Standard for programming language-C |
| 260 | |a California : |b Osborne McGraw-Hill , |c 1990 | ||
| 300 | |a 219 p. ; |c 23 cm. | ||
| 650 | 0 | 0 | |a ANSI C (computer program language) |
| 650 | 0 | 0 | |a Windows (computer programs) |x Software |
| 999 | |a 053064 |b BUKU |c PINJAMAN |e PERPUSTAKAAN KOMUNITI PETALING JAYA | ||